000 00324pam a2200145 a 4500
020 _c
041 _h
082 _a741.235
_bMAR
100 _apaul Hardy.
245 _aLight in pastel
_bLight in pastel
_hTextual Documents
250 _a2004.
260 _a[s.l]:
_bSearch Press
300 _a48:
_bpaper.
930 _a3360
999 _c237150
_d237150